[Event "Schachfestival Open-A 2018"]
[Site "Lueneburg"]
[Date "2018.07.09"]
[Round "5"]
[White "Hesse, Henrik"]
[Black "Sebastian, Dirk"]
[Result "1/2-1/2"]
[WhiteElo "2057"]
[BlackElo "2447"]
[Annotator "NA RC"]
[PlyCount "116"]
[EventDate "2018.07.06"]
[EventType "swiss"]
[EventCountry "GER"]
[SourceTitle "playchess.com"]
[Source "ChessBase"]
[SourceQuality "1"]
[TimeControl "40/5400+30:1800+30"]

1. c4 {[%emt 0:00:00]} c5 {[%emt 0:00:02]} 2. Nf3 {[%emt 0:00:00]} Nc6 {[%emt 0:00:28]} 3. d4 {[%emt 0:02:44]} cxd4 {[%emt 0:00:07]} 4. Nxd4 {[%emt 0:00:07]} e6 {[%emt 0:02:12]} 5. Nc3 {[%emt 0:05:43]} Bb4 {[%emt 0:02:24]} 6. Ndb5 {[%emt 0:05:35]} Nf6 {[%emt 0:01:15]} 7. a3 {[%emt 0:04:13]} Bxc3+ {[%emt 0:00:57]} 8. Nxc3 {[%emt 0:00:10]} d5 {[%emt 0:08:29]} 9. Bg5 {[%emt 0:19:51]} d4 {[%emt 0:07:04]} 10. Ne4 {[%emt 0:05:56]} Qa5+ {[%emt 0:02:20]} 11. b4 {[%emt 0:02:04]} Qe5 {[%emt 0:00:33]} 12. Nxf6+ {[%emt 0:19:20]} gxf6 {[%emt 0:00:50]} 13. Bh4 {[%emt 0:01:46]} a5 {[%emt 0:17:16]} 14. Bg3 {[%emt 0:14:12]} Qe4 {[%emt 0:00:17]} 15. b5 {[%emt 0:01:48]} Ne5 {[%emt 0:06:43]} 16. Bxe5 {[%emt 0:02:07]} fxe5 {[%emt 0:02:23]} 17. Qd3 {[%emt 0:00:50]} f5 {[%emt 0:08:16]} 18. Qxe4 {[%emt 0:02:16]} fxe4 {[%emt 0:00:01]} 19. e3 {[%emt 0:05:08]} Ke7 {[%emt 0:06:35]} 20. O-O-O {[%emt 0:01:03]} Rd8 {[%emt 0:02:58]} 21. exd4 {[%emt 0:00:46]} Rxd4 {[%emt 0:02:56]} 22. Be2 {[%emt 0:01:08]} Bd7 {[%emt 0:02:06]} 23. Rd2 {[%emt 0:01:03]} Rg8 {[%emt 0:03:48]} 24. Rg1 {[%emt 0:00:22]} Be8 {[%emt 0:01:18]} 25. Kc2 {[%emt 0:00:47]} Kd6 {[%emt 0:02:44]} 26. g3 {[%emt 0:00:01]} Rf8 {[%emt 0:01:14]} 27. Rf1 {[%emt 0:00:54]} Bg6 {[%emt 0:01:00]} 28. Kc3 {[%emt 0:00:20]} Kc5 {[%emt 0:00:09]} 29. h4 {[%emt 0:01:54]} h6 {[%emt 0:04:14]} 30. f3 {[%emt 0:00:45]} e3 {[%emt 0:03:00]} 31. Rdd1 {[%emt 0:00:23]} Rfd8 {[%emt 0:01:31]} 32. g4 {[%emt 0:00:37]} a4 {[%emt 0:03:22]} 33. Rfe1 {[%emt 0:00:01]} Rd2 {[%emt 0:02:24]} 34. Rxd2 {[%emt 0:00:01]} Rxd2 {[%emt 0:00:01]} 35. Bd1 {[%emt 0:00:35]} Rd3+ {[%emt 0:00:43]} 36. Kb2 {[%emt 0:00:07]} Kxc4 {[%emt 0:01:10]} 37. Be2 {[%emt 0:01:20]} Kd4 {[%emt 0:02:09]} 38. Bxd3 {[%emt 0:00:01]} Bxd3 {[%emt 0:00:01]} 39. g5 {[%emt 0:00:36]} hxg5 {[%emt 0:03:12]} 40. hxg5 {[%emt 0:00:02]} e2 {[%emt 0:00:57]} 41. g6 {[%emt 0:03:46]} Bxg6 {[%emt 0:01:33]} 42. Rxe2 {[%emt 0:00:07]} Bd3 {[%emt 0:02:33]} 43. Rd2 {[%emt 0:05:31]} Ke3 {[%emt 0:01:31]} 44. Kc3 {[%emt 0:00:06]} Bxb5 {[%emt 0:00:06]} 45. Rd6 {[%emt 0:00:07]} Kxf3 {[%emt 0:01:36]} 46. Rxe6 {[%emt 0:00:12]} Ke4 {[%emt 0:01:19]} 47. Kb4 {[%emt 0:01:23]} Bc6 {[%emt 0:00:46]} 48. Kc5 {[%emt 0:01:01]} Kf4 {[%emt 0:02:46]} 49. Re7 {[%emt 0:01:11]} Kf5 {[%emt 0:07:03]} 50. Kd6 {[%emt 0:01:57]} e4 {[%emt 0:00:10]} 51. Kc5 {[%emt 0:00:08]} Kf4 {[%emt 0:01:13]} 52. Kd4 {[%emt 0:00:39]} Kf3 {[%emt 0:00:24]} 53. Rh7 {[%emt 0:01:56]} Kf2 {[%emt 0:01:05]} 54. Rh2+ {[%emt 0:00:52]} Kg3 {[%emt 0:02:40]} 55. Re2 {[%emt 0:03:51]} Kf3 {[%emt 0:00:20]} 56. Re3+ {[%emt 0:00:15]} Kf2 {[%emt 0:00:24]} 57. Rc3 {[%emt 0:00:23]} Ke2 {[%emt 0:00:46]} 58. Rc2+ {[%emt 0:00:25]} Kf3 {[%emt 0:03:00] Kxe4+} 1/2-1/2

[Event "Schachfestival Open-A 2018"]
[Site "Lueneburg"]
[Date "2018.07.09"]
[Round "5"]
[White "Wobbe, Sven"]
[Black "Ngo, Minh Duc"]
[Result "0-1"]
[WhiteElo "2049"]
[BlackElo "2191"]
[Annotator "NA"]
[PlyCount "99"]
[EventDate "2018.07.06"]
[EventType "swiss"]
[EventCountry "GER"]
[SourceTitle "playchess.com"]
[Source "ChessBase"]
[SourceQuality "1"]
[TimeControl "40/5400+30:1800+30"]

1. e4 {[%emt 0:00:00]} c5 {[%emt 0:00:00]} 2. Nf3 {[%emt 0:00:04]} Nc6 {[%emt 0:00:00]} 3. Bb5 {[%emt 0:00:28]} g6 {[%emt 0:00:00]} 4. O-O {[%emt 0:00:34]} Bg7 {[%emt 0:00:00]} 5. c3 {[%emt 0:03:41]} Nh6 {[%emt 0:00:55]} 6. d4 {[%emt 0:02:49]} Qb6 {[%emt 0:09:00]} 7. Ba4 {[%emt 0:06:20]} O-O {[%emt 0:05:48]} 8. d5 {[%emt 0:06:52]} Nb8 {[%emt 0:00:57]} 9. Nbd2 {[%emt 0:03:28]} d6 {[%emt 0:00:09]} 10. Bc2 {[%emt 0:03:21]} Nd7 {[%emt 0:02:52]} 11. Nc4 {[%emt 0:05:55]} Qc7 {[%emt 0:00:35]} 12. a4 {[%emt 0:00:29]} b6 {[%emt 0:03:02]} 13. h3 {[%emt 0:01:47]} a6 {[%emt 0:03:19]} 14. Bf4 {[%emt 0:09:20]} f6 {[%emt 0:00:02]} 15. Qd2 {[%emt 0:06:10]} Nf7 {[%emt 0:00:03]} 16. h4 {[%emt 0:01:04]} Rb8 {[%emt 0:02:02]} 17. h5 {[%emt 0:05:18]} g5 {[%emt 0:01:47]} 18. e5 {[%emt 0:08:25]} Ndxe5 {[%emt 0:01:05]} 19. Bxe5 {[%emt 0:02:21]} Nxe5 {[%emt 0:00:32]} 20. Ncxe5 {[%emt 0:05:57]} dxe5 {[%emt 0:00:06]} 21. Qd3 {[%emt 0:00:57]} f5 {[%emt 0:00:42]} 22. Nxg5 {[%emt 0:00:40]} e4 {[%emt 0:00:46]} 23. Qe2 {[%emt 0:04:35]} Kh8 {[%emt 0:04:07]} 24. Rad1 {[%emt 0:07:46]} Qf4 {[%emt 0:02:32]} 25. Ne6 {[%emt 0:01:14]} Bxe6 {[%emt 0:00:03]} 26. dxe6 {[%emt 0:00:06]} Be5 {[%emt 0:00:50]} 27. g3 {[%emt 0:00:38]} Qh6 {[%emt 0:00:24]} 28. f4 {[%emt 0:03:47]} Bd6 {[%emt 0:01:34]} 29. Bb3 {[%emt 0:01:08]} Rg8 {[%emt 0:00:34]} 30. Kf2 {[%emt 0:00:56]} b5 {[%emt 0:01:35]} 31. axb5 {[%emt 0:00:34]} axb5 {[%emt 0:00:09]} 32. Bd5 {[%emt 0:01:55]} Rg4 {[%emt 0:03:45]} 33. Bxe4 {[%emt 0:00:39]} Qxh5 {[%emt 0:01:04]} 34. Rh1 {[%emt 0:02:52]} Qg6 {[%emt 0:00:13]} 35. Bc6 {[%emt 0:01:27]} Rd8 {[%emt 0:19:43]} 36. Rh3 {[%emt 0:01:48]} c4 {[%emt 0:02:11]} 37. Rxd6 {[%emt 0:01:38]} Rxd6 {[%emt 0:00:09]} 38. Bf3 {[%emt 0:00:25]} Qxe6 {[%emt 0:00:21]} 39. Bxg4 {[%emt 0:00:44]} fxg4 {[%emt 0:00:02]} 40. Qxe6 {[%emt 0:00:17]} Rxe6 {[%emt 0:00:02]} 41. Rh5 {[%emt 0:30:22]} b4 {[%emt 0:31:47]} 42. cxb4 {[%emt 0:01:31]} Rd6 {[%emt 0:00:04]} 43. Rc5 {[%emt 0:00:00]} Rd2+ {[%emt 0:00:00]} 44. Ke3 {[%emt 0:00:00]} Rg2 {[%emt 0:00:00]} 45. b5 {[%emt 0:00:00]} Rxg3+ {[%emt 0:00:00]} 46. Kd4 {[%emt 0:00:00]} h6 {[%emt 0:00:00]} 47. Kxc4 {[%emt 0:00:00]} Rf3 {[%emt 0:00:00]} 48. b6 {[%emt 0:00:00]} Rxf4+ {[%emt 0:00:00]} 49. Kb5 {[%emt 0:00:00]} Rf2 {[%emt 0:00:00]} 50. b4 {[%emt 0:00:00]} 0-1

[Event "Schachfestival Open-A 2018"]
[Site "Lueneburg"]
[Date "2018.07.09"]
[Round "5"]
[White "Popvasilev, Kaloyan"]
[Black "Hess, Christian Mathias"]
[Result "1/2-1/2"]
[WhiteElo "2020"]
[BlackElo "2243"]
[Annotator "NA"]
[PlyCount "67"]
[EventDate "2018.07.06"]
[EventType "swiss"]
[EventCountry "GER"]
[SourceTitle "playchess.com"]
[Source "ChessBase"]
[SourceQuality "1"]
[TimeControl "40/5400+30:1800+30"]

1. e4 {[%emt 0:00:00]} c6 {[%emt 0:00:00]} 2. d4 {[%emt 0:00:00]} d5 {[%emt 0:00:01]} 3. Nc3 {[%emt 0:00:00]} dxe4 {[%emt 0:00:06]} 4. Nxe4 {[%emt 0:00:00]} Bf5 {[%emt 0:00:26]} 5. Ng3 {[%emt 0:00:05]} Bg6 {[%emt 0:00:04]} 6. h4 {[%emt 0:00:14]} h6 {[%emt 0:00:10]} 7. Nf3 {[%emt 0:00:16]} Nd7 {[%emt 0:00:46]} 8. h5 {[%emt 0:00:12]} Bh7 {[%emt 0:00:05]} 9. Bd3 {[%emt 0:00:15]} Bxd3 {[%emt 0:00:06]} 10. Qxd3 {[%emt 0:00:05]} e6 {[%emt 0:01:17]} 11. Bd2 {[%emt 0:01:00]} Ngf6 {[%emt 0:00:43]} 12. O-O-O {[%emt 0:00:50]} Be7 {[%emt 0:00:48]} 13. Kb1 {[%emt 0:29:38]} O-O {[%emt 0:01:48]} 14. Qe2 {[%emt 0:01:19]} Qc7 {[%emt 0:25:31]} 15. Ne5 {[%emt 0:06:51]} Rad8 {[%emt 0:12:31]} 16. Ng6 {[%emt 0:09:13]} Rfe8 {[%emt 0:01:49]} 17. Nxe7+ {[%emt 0:01:57]} Rxe7 {[%emt 0:00:03]} 18. Qf3 {[%emt 0:09:41]} Ree8 {[%emt 0:06:49]} 19. Rh4 {[%emt 0:13:07]} Qd6 {[%emt 0:22:30]} 20. c4 {[%emt 0:06:21]} b5 {[%emt 0:05:18]} 21. Bf4 {[%emt 0:03:20]} Qb4 {[%emt 0:02:02]} 22. c5 {[%emt 0:00:55]} Nd5 {[%emt 0:04:44]} 23. Bd2 {[%emt 0:01:41]} Qa4 {[%emt 0:00:13]} 24. Ne4 {[%emt 0:03:30]} f5 {[%emt 0:05:26]} 25. Nd6 {[%emt 0:01:43]} Re7 {[%emt 0:00:18]} 26. b3 {[%emt 0:02:02]} Qa3 {[%emt 0:00:03]} 27. g4 {[%emt 0:02:19]} N7f6 {[%emt 0:01:56]} 28. gxf5 {[%emt 0:02:29]} Rxd6 {[%emt 0:01:56]} 29. cxd6 {[%emt 0:00:13]} Qxd6 {[%emt 0:00:06]} 30. fxe6 {[%emt 0:01:47]} Rxe6 {[%emt 0:00:13]} 31. Bf4 {[%emt 0:03:16]} Qb4 {[%emt 0:02:07]} 32. Bd2 {[%emt 0:00:03]} Qd6 {[%emt 0:00:16]} 33. Bf4 {[%emt 0:00:04]} Qb4 {[%emt 0:00:04]} 34. Bd2 {[%emt 0:00:02]} 1/2-1/2

[Event "Schachfestival Open-A 2018"]
[Site "Lueneburg"]
[Date "2018.07.11"]
[Round "7"]
[White "Mirzoev, Azer"]
[Black "Hesse, Henrik"]
[Result "1-0"]
[WhiteElo "2506"]
[BlackElo "2057"]
[Annotator "TA"]
[PlyCount "47"]
[EventDate "2018.07.06"]
[EventType "swiss"]
[EventCountry "GER"]
[SourceTitle "playchess.com"]
[Source "ChessBase"]
[SourceQuality "1"]

{[%evp 18,47,52,54,95,62,70,38,55,28,93,88,97,101,122,72,70,77,189,191,362,255,232,244,247,243,29995,29996,29996,29997,29997,29998]} 1. d4 Nf6 2. c4 e6 3. Nc3 Bb4 4. Qc2 d5 5. a3 Bxc3+ 6. Qxc3 O-O 7. Bg5 {[%cal Bc1g5,Bg5h4,Bh4g3][%mdl 32]} h6 {E36: Nimzo-Indian: Classical: 4...d5 5 a3} (7... dxc4 8. Qxc4 b6 9. Rd1 Ba6 10. Qa4 h6 11. Bh4 Qe7 12. Nf3 Rd8 13. e3 Bxf1 14. Rxf1 c5 15. dxc5 Rxd1+ 16. Qxd1 {½-½ (24) Mamedyarov,S (2808)-Nakamura,H (2769) Stavanger 2018}) 8. Bh4 g5 9. Bg3 Ne4 10. Qc2 $1 {LiveBook: 3 Games} c6 11. O-O-O $146 ({Predecessor:} 11. e3 Nd7 12. O-O-O f5 13. Kb1 dxc4 14. Bxc4 Nb6 15. Bd3 Nxg3 16. hxg3 {1-0 (25) Ruben,G (2448)-Staak,E ICCF email 2007}) 11... b5 12. c5 b4 13. a4 b3 (13... Qf6 $11) 14. Qxb3 $16 Ba6 15. f3 Bc4 16. Qe3 Nxg3 17. hxg3 Na6 (17... Kg7 $16) 18. Rxh6 $18 Nb4 $2 (18... Kg7 {was necessary.}) 19. Qe5 {[%csl Ge5][%cal Rh6h8] [#]} f6 20. Qxe6+ Kg7 21. Qh3 {Threatening mate with Rh7+.} Rg8 $2 (21... Rh8 $18 22. Rxh8 Qxh8 23. Qd7+ Kh6) 22. Rh7+ {White mates.} Kf8 23. Qh6+ Ke8 24. Qh5+ 1-0

[Event "Schachfestival Open-A 2018"]
[Site "Lueneburg"]
[Date "2018.07.11"]
[Round "7"]
[White "Malakhatko, Vadim"]
[Black "Sebastian, Dirk"]
[Result "1-0"]
[WhiteElo "2499"]
[BlackElo "2447"]
[Annotator "TA"]
[PlyCount "53"]
[EventDate "2018.07.06"]
[EventType "swiss"]
[EventCountry "GER"]
[SourceTitle "playchess.com"]
[Source "ChessBase"]
[SourceQuality "1"]

{[%evp 17,53,64,81,8,7,3,6,6,6,8,4,0,12,0,41,0,0,0,0,0,101,102,400,405,397,389,428,405,470,467,587,580,614,603,599,414,519,368]} 1. c4 Nf6 2. Nc3 c5 3. g3 d5 4. cxd5 Nxd5 5. Bg2 Nc7 6. Qa4+ Bd7 7. Qb3 {A34: Symmetrical English: 2 Nc3, lines with ...d5} Bc6 8. Bxc6+ Nxc6 9. Qxb7 Nd4 {[#] LiveBook: 3 Games. aiming for ...Nc2+.} 10. Qe4 (10. Kf1 $16) 10... f5 $11 11. Qb1 Qd7 12. e3 $146 ({Predecessor:} 12. Nf3 Nxf3+ 13. exf3 g6 14. Qc2 Ne6 {½-½ (80) San Segundo Carrillo,P (2440)-Magem Badals,J (2505) Spain 1993}) 12... Nc6 ({Much weaker is} 12... Qc6 13. f3 $14) 13. Nf3 e5 14. O-O Be7 15. Qc2 h5 {[%cal Bh7h5,Bh5h4][%mdl 32]} 16. Qa4 (16. d4 $5 cxd4 17. exd4 Nxd4 18. Qd3 $11) 16... e4 17. Ne1 $1 h4 {[#]} 18. d3 $1 {[%cal Bd2d3,Bd3e4][%mdl 544]} Rb8 (18... exd3 $11 {keeps the balance.} 19. Nxd3 O-O-O) 19. dxe4 $16 f4 $2 {[%mdl 8192]} (19... Rb4 $16 20. Qc2 fxe4) 20. gxf4 $18 {[%cal Bg3f4,Bf4f5][%mdl 32]} Rh6 21. Kh1 Rg6 22. f5 Rd6 23. f4 Rb4 24. Qc2 Nb5 25. e5 Rh6 26. Qd3 Qb7 27. Qd5 {Precision: White = 61%, Black = 25%.} 1-0

[Event "Schachfestival Open-A 2018"]
[Site "Lueneburg"]
[Date "2018.07.11"]
[Round "7"]
[White "Genov, Petar"]
[Black "Popvasilev, Kaloyan"]
[Result "1-0"]
[WhiteElo "2435"]
[BlackElo "2020"]
[Annotator "TA"]
[PlyCount "113"]
[EventDate "2018.07.06"]
[EventType "swiss"]
[EventCountry "GER"]
[SourceTitle "playchess.com"]
[Source "ChessBase"]
[SourceQuality "1"]

{[%evp 9,113,0,35,12,28,4,33,19,28,13,23,17,23,11,52,52,77,81,96,75,60,59,68,73,74,54,48,22,27,31,37,10,104,106,143,84,123,127,143,19,135,71,168,72,72,0,20,18,16,8,19,12,12,15,23,0,48,0,2,0,0,0,0,0,0,0,0,0,28,28,28,21,28,28,31,30,26,7,60,0,24,24,31,21,16,20,22,20,16,14,25,25,39,39,40,40,91,45,766,726,789,760,1018,997,900,809]} 1. Nf3 Nf6 2. b3 c5 3. Bb2 b6 4. g3 Bb7 5. Bg2 d6 (5... d5 6. Bxf6 gxf6 7. d4 e5 8. e3 Nc6 9. dxc5 Bxc5 10. O-O Qd7 11. Nc3 O-O-O 12. a3 Kb8 13. Nh4 {1-0 (30) Fedoseev,V (2731)-Andreikin,D (2708) Sochi 2017}) 6. Bxf6 $146 {A05: Réti Opening: 1 Nf3 Nf6} ({Predecessor:} 6. O-O g6 7. e3 Bg7 8. d4 O-O 9. c4 Nbd7 10. d5 b5 11. Nfd2 Ba6 12. Na3 bxc4 13. Ndxc4 {0-1 (52) Ptacnik,S (2089)-Sikorova,O (2263) Tatranske Zruby 2012}) 6... gxf6 7. c4 Bg7 8. Nc3 {White is slightly better.} Qd7 9. Rc1 Nc6 10. e3 {[%cal Be2e3,Be3d4,Bd4d5][%mdl 32]} f5 11. O-O O-O 12. d4 cxd4 13. exd4 e6 14. Re1 Ne7 15. Qd2 Rad8 16. d5 Rfe8 17. Nd4 {[%cal Rd5e6]} e5 18. Nde2 Ng6 19. Bh3 Bc8 20. Qg5 h6 (20... Qe7 $1 $11 {remains equal.} 21. Qh5 Qf6) 21. Qh5 $16 e4 {[#]} 22. Nf4 (22. Nb5 $142 $1) 22... Bxc3 23. Rxc3 Kh7 24. Kh1 (24. Ne2 $16) 24... Re7 (24... Qe7 $11) 25. Rce3 (25. Ne2 $142) 25... Rde8 {[#]} (25... Re5 $16) 26. Qd1 (26. Ne2 $1 $18) 26... Qd8 27. Qh5 ({Better is} 27. Nh5 $16) 27... Re5 28. Qe2 Qg5 29. Ng2 Ba6 30. f4 exf3 $1 31. Qxf3 Bc8 32. Kg1 h5 33. Kf2 h4 34. Nf4 hxg3+ 35. hxg3 Nxf4 36. Qxf4 f6 37. Bg2 Kg6 38. Bf3 Rh8 39. Rh1 Rxh1 40. Bxh1 Qh5 41. Bf3 Qh2+ 42. Bg2 Qh5 43. Re1 {Black should prevent Rh1.} Qh2 (43... Kg7 $11) 44. Re3 Qh5 45. Rf3 Qg5 46. Rd3 Qh5 47. Qd2 Re4 48. Rd4 (48. Rf3 {feels hotter.} Rg4 49. Rf4 Qh2 50. Qe3 Bd7 51. Qf3) 48... Rxd4 49. Qxd4 Qg4 50. Qd2 Qg5 51. Qf4 Kf7 52. Bf3 Kg6 (52... Ke8 $14) 53. Ke2 Bd7 $2 {[%mdl 8192]} (53... Qh6 $14) 54. Qxd6 $18 {White is clearly winning.} f4 55. Qxf4 Qxf4 56. gxf4 Bf5 57. Ke3 {Precision: White = 44%, Black = 39%.} 1-0

[Event "Schachfestival Open-A 2018"]
[Site "Lueneburg"]
[Date "2018.07.11"]
[Round "7"]
[White "Kumsiashvili, Nikoloz"]
[Black "Fabregas, Oliver"]
[Result "*"]
[WhiteElo "2411"]
[BlackElo "1955"]
[Annotator "TA"]
[PlyCount "58"]
[EventDate "2018.07.06"]
[EventType "swiss"]
[EventCountry "GER"]
[SourceTitle "playchess.com"]
[Source "ChessBase"]
[SourceQuality "1"]

{[%evp 20,58,0,-30,-28,-31,-25,-29,-17,-33,0,0,0,0,0,0,18,20,22,0,0,0,0,0,47,47,134,-24,-34,-10,-13,-61,74,66,90,83,95,96,85,100,93]} 1. d4 d5 2. c4 e6 3. Nc3 Be7 4. Nf3 Nf6 5. cxd5 exd5 6. Bg5 c6 7. Qc2 g6 8. e3 Bf5 9. Bd3 Bxd3 10. Qxd3 Nbd7 11. O-O-O {LiveBook: 5 Games. D36: Queen's Gambit Declined: Exchange Variation: Main line (5 Bg5 c6 6 Qc2)} O-O 12. Qc2 $146 ({Predecessor:} 12. Kb1 Ne4 13. Bxe7 Qxe7 14. Qc2 f5 15. Ne1 f4 16. exf4 Nxc3+ 17. Qxc3 Qe4+ 18. Ka1 Rae8 {½-½ (51) Oatlhotse,P (2270)-Lenderman,A (2623) Las Vegas 2015}) 12... Rc8 13. Kb1 {Black has an edge.} Re8 14. h4 Ne4 15. Nxe4 dxe4 16. Nd2 Bxg5 17. hxg5 Qxg5 18. Nxe4 Qe7 19. Nc3 Nf6 20. Rh4 b5 {[%cal Bb7b5,Bb5b4][%mdl 32]} 21. g4 c5 (21... b4 $5 {[%cal Rb4c3]} 22. Na4 c5 23. dxc5 (23. Nxc5 Nd7 $11) 23... Qe4 $11) 22. g5 $36 {[%mdl 2048] White has good play.} Nh5 (22... Nd7 $14) 23. d5 $2 ({But not} 23. Nxb5 $6 cxd4 24. Qd3 dxe3 $15) (23. Re4 $16 Qxg5 24. f4 (24. Nxb5 cxd4 25. Rxe8+ Rxe8 $11)) 23... Qxg5 $11 24. Rhh1 b4 25. Nb5 {[#] Black must now prevent Nd6.} Red8 (25... Rcd8 $1 $15 {stays ahead.} 26. Qxc5 Qf5+ 27. Qc2 Qxc2+ 28. Kxc2 a5) 26. Nxa7 $16 Rc7 27. f4 {White is better.} Qf6 28. Nc6 Rxd5 29. Rxd5 Qxc6 {Precision: White = 55%, Black = 45%.} *

[Event "Schachfestival Open-A 2018"]
[Site "Lueneburg"]
[Date "2018.07.11"]
[Round "7"]
[White "Kumsiashvili, Nikoloz"]
[Black "Stork, Oliver"]
[Result "0-1"]
[WhiteElo "2411"]
[BlackElo "2111"]
[Annotator "TA"]
[PlyCount "96"]
[EventDate "2018.07.06"]
[EventType "swiss"]
[EventCountry "GER"]
[SourceTitle "playchess.com"]
[Source "ChessBase"]
[SourceQuality "1"]

{[%evp 20,96,0,-35,-33,-29,-20,-42,-37,-35,0,0,0,0,0,0,20,12,15,0,0,0,0,0,22,30,88,-34,-40,-49,-31,-67,85,92,91,91,88,79,79,82,88,0,0,0,0,0,0,-115,-103,-218,-162,-271,-240,-318,-286,-307,-246,-348,-279,-377,-342,-357,-237,-245,-200,-1019,-1018,-831,-962,-949,-951,-2115,-2032,-5683,-5118,-29990,-29991,-29993,-29994]} 1. d4 d5 2. c4 e6 3. Nc3 Be7 4. Nf3 Nf6 5. cxd5 exd5 6. Bg5 c6 7. Qc2 g6 8. e3 Bf5 9. Bd3 Bxd3 10. Qxd3 Nbd7 11. O-O-O {LiveBook: 5 Games. D36: Queen's Gambit Declined: Exchange Variation: Main line (5 Bg5 c6 6 Qc2)} O-O 12. Qc2 $146 ({Predecessor:} 12. Kb1 Ne4 13. Bxe7 Qxe7 14. Qc2 f5 15. Ne1 f4 16. exf4 Nxc3+ 17. Qxc3 Qe4+ 18. Ka1 Rae8 {½-½ (51) Oatlhotse,P (2270)-Lenderman,A (2623) Las Vegas 2015}) 12... Rc8 13. Kb1 {The position is equal.} Re8 14. h4 Ne4 15. Nxe4 dxe4 16. Nd2 Bxg5 17. hxg5 Qxg5 18. Nxe4 Qe7 19. Nc3 Nf6 20. Rh4 b5 {[%cal Bb7b5,Bb5b4][%mdl 32]} 21. g4 c5 22. g5 Nh5 (22... Nd7 $11) 23. d5 ({Much worse is} 23. Nxb5 cxd4 24. Qe2 Qxg5 $11) ({Better is} 23. Re4 $16 Qxg5 24. f4 (24. Nxb5 cxd4 25. Rxe8+ Rxe8 $11)) 23... Qxg5 $15 24. Rhh1 b4 25. Nb5 {[#] Hoping for Nd6.} Red8 $2 (25... Rcd8 $1 $15 {stays ahead.} 26. Qxc5 Qe5) 26. Nxa7 $16 Rc7 27. f4 Qf6 28. Nc6 Rxd5 29. Rxd5 Qxc6 30. Qc4 ({White should play} 30. Rhd1 $16) 30... Nf6 $1 $11 {[%cal Rf6d5]} 31. Rd8+ Kg7 32. Rc1 h5 33. f5 {[#]} (33. Rdd1 $11) 33... g5 $1 $17 {[%mdl 1024] Black has strong compensation.} 34. Ka1 (34. Rg1 $17 Qe4+ 35. Qxe4 Nxe4 36. Re8) 34... Qe4 35. Qa6 (35. Qxe4 {was worth a try.} Nxe4 36. Re8) 35... h4 $19 ({But not} 35... Qxe3 36. Kb1 $17) 36. Rd6 Qe5 37. Rg1 Qxe3 $40 {[%mdl 128] Black wants a kill.} 38. Rf1 (38. Rb1 $142 Qe7 39. Rbd1) 38... Qe5 39. Qd3 {If White can now play Rg1 this consolidates a bit.} c4 40. Qd4 Re7 41. Qd2 Ne4 $1 {[%csl LRd2,LRd6]} 42. f6+ $2 (42. Qxb4 Qxd6 43. Qxd6 Nxd6 44. f6+ Kf8 45. fxe7+ Kxe7 46. Rh1) 42... Qxf6 $1 43. Qd4 Qxd4 44. Rxd4 h3 {[%cal Bh4h3,Bh3h2][%mdl 32]} 45. a4 b3 46. Rdd1 h2 47. Rde1 Ng3 48. Rxe7 Nxf1 {Precision: White = 30%, Black = 65%.} 0-1

[Event "Schachfestival Open-A 2018"]
[Site "Lueneburg"]
[Date "2018.07.11"]
[Round "7"]
[White "Buchenau, Frank"]
[Black "Stolberg-Rohr, Thomine"]
[Result "1-0"]
[WhiteElo "2275"]
[BlackElo "1975"]
[Annotator "NA"]
[PlyCount "77"]
[EventDate "2018.07.06"]
[EventType "swiss"]
[EventCountry "GER"]
[SourceTitle "playchess.com"]
[Source "ChessBase"]
[SourceQuality "1"]
[TimeControl "40/5400+30:1800+30"]

1. e4 {[%emt 0:05:05]} e5 {[%emt 0:00:21]} 2. Nf3 {[%emt 0:00:16]} Nc6 {[%emt 0:00:09]} 3. Bc4 {[%emt 0:00:11]} Bc5 {[%emt 0:00:15]} 4. O-O {[%emt 0:00:13]} Nf6 {[%emt 0:00:30]} 5. d3 {[%emt 0:00:09]} a6 {[%emt 0:00:51]} 6. c3 {[%emt 0:00:58]} d6 {[%emt 0:00:36]} 7. Bb3 {[%emt 0:00:18]} Ba7 {[%emt 0:00:14]} 8. Nbd2 {[%emt 0:00:34]} O-O {[%emt 0:00:45]} 9. h3 {[%emt 0:00:15]} Ne7 {[%emt 0:01:48]} 10. Re1 {[%emt 0:00:54]} Ng6 {[%emt 0:00:32]} 11. Nf1 {[%emt 0:00:23]} Be6 {[%emt 0:05:36]} 12. Ng3 {[%emt 0:01:58]} h6 {[%emt 0:05:54]} 13. d4 {[%emt 0:01:52]} Qe7 {[%emt 0:09:00]} 14. Be3 {[%emt 0:03:16]} c6 {[%emt 0:04:01]} 15. Bc2 {[%emt 0:06:29]} b5 {[%emt 0:06:02]} 16. Qd2 {[%emt 0:01:34]} c5 {[%emt 0:02:47]} 17. Nf5 {[%emt 0:09:47]} Bxf5 {[%emt 0:08:41]} 18. exf5 {[%emt 0:00:13]} cxd4 {[%emt 0:01:37]} 19. cxd4 {[%emt 0:00:52]} Nh8 {[%emt 0:11:14]} 20. dxe5 {[%emt 0:02:30]} dxe5 {[%emt 0:00:44]} 21. Bxa7 {[%emt 0:00:33]} Qxa7 {[%emt 0:00:28]} 22. Rxe5 {[%emt 0:03:07]} Rac8 {[%emt 0:09:56]} 23. Bb3 {[%emt 0:01:06]} Rfd8 {[%emt 0:02:25]} 24. Qb4 {[%emt 0:02:23]} Re8 {[%emt 0:04:01]} 25. Rae1 {[%emt 0:02:27]} Rxe5 {[%emt 0:01:20]} 26. Nxe5 {[%emt 0:00:41]} Qc5 {[%emt 0:04:05]} 27. Qxc5 {[%emt 0:02:19]} Rxc5 {[%emt 0:02:10]} 28. f4 {[%emt 0:07:03]} Rc7 {[%emt 0:07:06]} 29. g4 {[%emt 0:02:55]} Kf8 {[%emt 0:01:47]} 30. Rd1 {[%emt 0:03:04]} Ke7 {[%emt 0:01:14]} 31. a4 {[%emt 0:01:57]} Ne8 {[%emt 0:02:52]} 32. axb5 {[%emt 0:04:19]} axb5 {[%emt 0:00:13]} 33. Re1 {[%emt 0:03:04]} Kf8 {[%emt 0:00:58]} 34. Kf2 {[%emt 0:01:44]} Nd6 {[%emt 0:01:28]} 35. Ra1 {[%emt 0:00:58]} Ke7 {[%emt 0:03:10]} 36. Ra8 {[%emt 0:00:26]} Nc8 {[%emt 0:01:13]} 37. Rb8 {[%emt 0:00:30]} g6 {[%emt 0:01:54]} 38. Nxf7 {[%emt 0:02:59]} Nxf7 {[%emt 0:00:26]} 39. fxg6 {[%emt 0:00:09]} 1-0